000 00622cam a22002051 4500
001 ne 64001796
003 DLC
005 20260227111802.0
008 891017m19649999ua 000 0 ara c
010 _ane 64001796
025 _aPL480:UAR-4372
035 _a(OCoLC)20501074
040 _aPrinceton Univ. Libr.
_cWaU
_dWaU
_dDLC
050 0 0 _aDS238.U5
_bS46
100 1 _aShalabī, Maḥmūd.
245 1 0 _aIshtirākīyat ʻUmar
_c[taʼlīf] Maḥmūd Shalabī.
260 _a[al-Qāhirah]
_bMaktabat al-Qāhirah al-Ḥadīthah
_c[1964-
300 _av.
_c20 cm.
600 0 0 _aʻUmar ibn al-Khaṭṭāb,
_cCaliph,
_d-644.
999 _c47238
_d47238